[Event "European Women's Championship"]
[Site "Vysoke Tatry"]
[Date "2018.04.19"]
[Round "11"]
[White "Novosadova, Kristyna"]
[Black "Kusenkova, Natallia"]
[Result "0-1"]
[Board "50"]
[WhiteElo "2240"]
[WhiteCountry "CZE"]
[WhiteFideId "328065"]
[WhiteEloChange "-13"]
[BlackElo "2134"]
[BlackCountry "BLR"]
[BlackFideId "13506501"]
[BlackEloChange "13"]

1. d4 {[%clk 1:30:58]} Nf6 {[%clk 1:30:54]} 2. c4 {[%clk 1:31:25]} e6 {[%clk
1:31:20]} 3. Nc3 {[%clk 1:31:40]} d5 {[%clk 1:31:45]} 4. cxd5 {[%clk 1:32:04]}
exd5 {[%clk 1:32:08]} 5. Bg5 {[%clk 1:32:29]} Be7 {[%clk 1:31:39]} 6. e3 {[%clk
1:32:46]} c6 {[%clk 1:30:29]} 7. Qc2 {[%clk 1:32:50]} Nbd7 {[%clk 1:30:37]} 8.
Bd3 {[%clk 1:29:07]} O-O {[%clk 1:30:56]} 9. h3 {[%clk 1:28:05]} Re8 {[%clk
1:30:34]} 10. O-O-O {[%clk 1:28:17]} Nf8 {[%clk 1:27:17]} 11. Bf4 {[%clk
1:28:01]} Be6 {[%clk 1:24:31]} 12. g4 {[%clk 1:28:09]} Qa5 {[%clk 1:18:08]} 13.
Kb1 {[%clk 1:20:30]} c5 {[%clk 1:15:57]} 14. Nge2 {[%clk 1:14:32]} c4 {[%clk
1:07:51]} 15. Bf5 {[%clk 1:14:50]} b5 {[%clk 1:07:58]} 16. Nc1 {[%clk 1:02:32]}
b4 {[%clk 1:04:12]} 17. N3e2 {[%clk 1:02:52]} Qb5 {[%clk 0:56:34]} 18. Ng3 {[%clk
0:53:53]} a5 {[%clk 0:53:33]} 19. g5 {[%clk 0:54:07]} N6d7 {[%clk 0:53:48]} 20.
h4 {[%clk 0:53:54]} a4 {[%clk 0:52:14]} 21. Qe2 {[%clk 0:53:51]} Qc6 {[%clk
0:46:49]} 22. h5 {[%clk 0:54:07]} b3 {[%clk 0:44:26]} 23. g6 {[%clk 0:52:42]}
fxg6 {[%clk 0:41:30]} 24. Bxe6+ {[%clk 0:52:04]} Qxe6 {[%clk 0:40:53]} 25. hxg6
{[%clk 0:41:15]} Qxg6+ {[%clk 0:40:48]} 26. e4 {[%clk 0:40:36]} a3 {[%clk
0:36:14]} 27. axb3 {[%clk 0:38:29]} axb2 {[%clk 0:35:42]} 28. Kxb2 {[%clk
0:22:45]} Qa6 {[%clk 0:31:11]} 29. Rdg1 {[%clk 0:14:33]} Ba3+ {[%clk 0:25:06]}
30. Kc2 {[%clk 0:12:52]} Bxc1 {[%clk 0:19:10]} 31. Bxc1 {[%clk 0:12:44]} Qa2+
{[%clk 0:14:45]} 32. Kd1 {[%clk 0:11:30]} Qxb3+ {[%clk 0:15:00]} 33. Ke1 {[%clk
0:11:17]} Ra1 {[%clk 0:09:12]} 34. Qd2 {[%clk 0:11:41]} Ng6 {[%clk 0:04:49]} 35.
e5 {[%clk 0:07:32]} Rea8 {[%clk 0:05:02]} 36. Kf1 {[%clk 0:05:58]} R8a2 {[%clk
0:03:22]} 37. Qg5 {[%clk 0:04:10]} Qf3 {[%clk 0:03:40]} 38. Rg2 {[%clk 0:02:42]}
Qd1# {[%clk 0:03:49]} 0-1

[Event "European Women's Championship"]
[Site "Vysoke Tatry"]
[Date "2018.04.19"]
[Round "11"]
[White "Nemcova, Karin"]
[Black "Sliwicka, Alicja"]
[Result "1/2-1/2"]
[Board "51"]
[WhiteElo "1992"]
[WhiteCountry "CZE"]
[WhiteFideId "360821"]
[WhiteEloChange "7"]
[BlackElo "2329"]
[BlackTitle "WFM"]
[BlackCountry "POL"]
[BlackFideId "1150677"]
[BlackEloChange "-7"]

1. e4 {[%clk 1:30:57]} e6 {[%clk 1:30:56]} 2. d4 {[%clk 1:31:15]} d5 {[%clk
1:31:21]} 3. Nd2 {[%clk 1:31:37]} Nf6 {[%clk 1:31:43]} 4. e5 {[%clk 1:32:01]}
Nfd7 {[%clk 1:32:08]} 5. Bd3 {[%clk 1:32:22]} c5 {[%clk 1:32:33]} 6. c3 {[%clk
1:32:44]} Nc6 {[%clk 1:32:58]} 7. Ne2 {[%clk 1:33:04]} cxd4 {[%clk 1:33:19]} 8.
cxd4 {[%clk 1:33:26]} f6 {[%clk 1:33:45]} 9. exf6 {[%clk 1:33:45]} Qxf6 {[%clk
1:34:10]} 10. Nf3 {[%clk 1:34:04]} h6 {[%clk 1:34:34]} 11. O-O {[%clk 1:28:53]}
Bd6 {[%clk 1:34:57]} 12. Be3 {[%clk 1:28:49]} O-O {[%clk 1:35:13]} 13. Nc3 {[%clk
1:26:26]} Rd8 {[%clk 1:34:18]} 14. Rc1 {[%clk 1:26:08]} Nf8 {[%clk 1:34:37]} 15.
Re1 {[%clk 1:19:51]} Bd7 {[%clk 1:33:14]} 16. a3 {[%clk 1:15:08]} Be8 {[%clk
1:29:57]} 17. b4 {[%clk 1:09:41]} Bh5 {[%clk 1:28:15]} 18. Be2 {[%clk 1:15:18]}
Ng6 {[%clk 1:27:27]} 19. g3 {[%clk 1:11:09]} Rf8 {[%clk 1:22:12]} 20. Kg2 {[%clk
1:11:20]} Rad8 {[%clk 1:17:48]} 21. Ng1 {[%clk 0:56:21]} Bxe2 {[%clk 1:17:46]}
22. Rxe2 {[%clk 0:52:01]} a5 {[%clk 1:10:13]} 23. b5 {[%clk 0:49:33]} Nce7 {[%clk
1:10:31]} 24. Qb3 {[%clk 0:42:04]} Nf5 {[%clk 1:04:41]} 25. Rd1 {[%clk 0:41:15]}
Nfh4+ {[%clk 1:01:33]} 26. gxh4 {[%clk 0:31:05]} Nxh4+ {[%clk 1:00:41]} 27. Kh1
{[%clk 0:24:10]} Nf3 {[%clk 0:56:26]} 28. Nxd5 {[%clk 0:20:46]} Qf5 {[%clk
0:44:36]} 29. Nf4 {[%clk 0:19:18]} Bxf4 {[%clk 0:41:57]} 30. Bxf4 {[%clk
0:16:41]} Nxd4 {[%clk 0:40:22]} 31. Rxd4 {[%clk 0:16:46]} Rxd4 {[%clk 0:40:43]}
32. Rxe6 {[%clk 0:11:37]} Qf7 {[%clk 0:36:44]} 33. Be5 {[%clk 0:07:32]} Rd7
{[%clk 0:28:26]} 34. Qh3 {[%clk 0:06:26]} Re7 {[%clk 0:24:36]} 35. Rxe7 {[%clk
0:05:51]} Qxe7 {[%clk 0:25:01]} 36. Qg3 {[%clk 0:05:58]} Rf7 {[%clk 0:23:42]} 37.
Kg2 {[%clk 0:02:12]} Qc5 {[%clk 0:22:42]} 38. a4 {[%clk 0:02:41]} Qc4 {[%clk
0:18:39]} 39. Nf3 {[%clk 0:01:16]} Qxa4 {[%clk 0:18:25]} 40. Nd4 {[%clk 0:31:45]}
Qc4 {[%clk 0:47:55]} 41. b6 {[%clk 0:29:56]} a4 {[%clk 0:46:02]} 42. f4 {[%clk
0:26:23]} Qc5 {[%clk 0:39:58]} 43. Qg6 {[%clk 0:25:15]} Qd5+ {[%clk 0:39:53]} 44.
Kg3 {[%clk 0:22:50]} Qh1 {[%clk 0:36:38]} 45. Qd3 {[%clk 0:21:00]} Qg1+ {[%clk
0:35:30]} 46. Kh3 {[%clk 0:21:14]} h5 {[%clk 0:34:36]} 47. Qf3 {[%clk 0:20:30]}
g5 {[%clk 0:32:55]} 48. Qe2 {[%clk 0:20:58]} gxf4 {[%clk 0:30:44]} 49. Qg2+
{[%clk 0:19:30]} Qxg2+ {[%clk 0:30:38]} 50. Kxg2 {[%clk 0:19:59]} a3 {[%clk
0:28:48]} 51. Kf3 {[%clk 0:18:48]} a2 {[%clk 0:28:14]} 52. Nc2 {[%clk 0:18:25]}
1/2-1/2

[Event "European Women's Championship"]
[Site "Vysoke Tatry"]
[Date "2018.04.19"]
[Round "11"]
[White "Savina, Anastasia"]
[Black "Pavlidou, Ekaterini"]
[Result "1/2-1/2"]
[Board "52"]
[WhiteElo "2358"]
[WhiteTitle "IM"]
[WhiteCountry "RUS"]
[WhiteFideId "4196872"]
[WhiteEloChange "-5"]
[BlackElo "2164"]
[BlackTitle "WIM"]
[BlackCountry "GRE"]
[BlackFideId "4213262"]
[BlackEloChange "5"]

1. Nf3 {[%clk 1:30:55]} Nf6 {[%clk 1:30:38]} 2. c4 {[%clk 1:31:18]} c5 {[%clk
1:29:55]} 3. g3 {[%clk 1:30:07]} g6 {[%clk 1:29:54]} 4. Bg2 {[%clk 1:28:49]} Bg7
{[%clk 1:30:12]} 5. O-O {[%clk 1:29:14]} O-O {[%clk 1:30:02]} 6. Nc3 {[%clk
1:28:29]} Nc6 {[%clk 1:27:02]} 7. d4 {[%clk 1:26:46]} cxd4 {[%clk 1:26:51]} 8.
Nxd4 {[%clk 1:27:11]} a6 {[%clk 1:20:57]} 9. h3 {[%clk 1:20:08]} Qa5 {[%clk
1:12:51]} 10. Be3 {[%clk 1:16:18]} d6 {[%clk 1:06:27]} 11. g4 {[%clk 0:53:47]}
Ne5 {[%clk 0:57:27]} 12. g5 {[%clk 0:42:47]} Nfd7 {[%clk 0:56:46]} 13. Nb3 {[%clk
0:31:36]} Qd8 {[%clk 0:55:34]} 14. Nd2 {[%clk 0:29:26]} f5 {[%clk 0:46:05]} 15.
f4 {[%clk 0:23:21]} Nf7 {[%clk 0:46:17]} 16. Nb3 {[%clk 0:21:43]} Bxc3 {[%clk
0:42:10]} 17. bxc3 {[%clk 0:22:06]} Qc7 {[%clk 0:32:35]} 18. c5 {[%clk 0:18:48]}
Nxc5 {[%clk 0:30:33]} 19. Nxc5 {[%clk 0:18:25]} dxc5 {[%clk 0:30:57]} 20. Qd5
{[%clk 0:18:20]} Bd7 {[%clk 0:25:21]} 21. Qxb7 {[%clk 0:10:50]} Qxb7 {[%clk
0:25:44]} 22. Bxb7 {[%clk 0:11:17]} Ra7 {[%clk 0:25:50]} 23. Rab1 {[%clk
0:09:36]} Bb5 {[%clk 0:25:27]} 24. Bd5 {[%clk 0:08:32]} Rc7 {[%clk 0:08:44]} 25.
c4 {[%clk 0:08:34]} Bc6 {[%clk 0:08:02]} 26. Be6 {[%clk 0:06:51]} Bd7 {[%clk
0:08:03]} 27. Bxd7 {[%clk 0:06:46]} Rxd7 {[%clk 0:08:31]} 28. Rb6 {[%clk
0:07:01]} Nd6 {[%clk 0:04:16]} 29. Bxc5 {[%clk 0:04:00]} Nxc4 {[%clk 0:04:35]}
30. Rxa6 {[%clk 0:04:00]} Rc8 {[%clk 0:04:49]} 31. Ba3 {[%clk 0:01:45]} Nxa3
{[%clk 0:03:31]} 32. Rxa3 {[%clk 0:02:13]} Rc2 {[%clk 0:03:53]} 33. Kf2 {[%clk
0:02:02]} Rd4 {[%clk 0:00:33]} 34. Kf3 {[%clk 0:02:01]} Kf7 {[%clk 0:00:37]} 35.
Rb1 {[%clk 0:01:44]} Re4 {[%clk 0:00:53]} 36. e3 {[%clk 0:01:30]} Rh2 {[%clk
0:01:12]} 37. Rbb3 {[%clk 0:00:34]} Rc4 {[%clk 0:00:40]} 38. Ra7 {[%clk 0:00:34]}
Rcc2 {[%clk 0:00:46]} 39. Kg3 {[%clk 0:00:42]} Rcg2+ {[%clk 0:00:45]} 40. Kf3
{[%clk 0:31:04]} Rf2+ {[%clk 0:30:54]} 41. Kg3 {[%clk 0:31:31]} Rfg2+ {[%clk
0:27:14]} 42. Kf3 {[%clk 0:31:54]} Rf2+ {[%clk 0:27:14]} 1/2-1/2

[Event "European Women's Championship"]
[Site "Vysoke Tatry"]
[Date "2018.04.19"]
[Round "11"]
[White "Klek, Hanna Marie"]
[Black "Smirnova, Ekaterina"]
[Result "1-0"]
[Board "53"]
[WhiteElo "2327"]
[WhiteTitle "WGM"]
[WhiteCountry "GER"]
[WhiteFideId "24670057"]
[WhiteEloChange "5"]
[BlackElo "2153"]
[BlackTitle "WFM"]
[BlackCountry "RUS"]
[BlackFideId "4110943"]
[BlackEloChange "-5"]

1. e4 {[%clk 1:30:58]} e6 {[%clk 1:30:52]} 2. d4 {[%clk 1:31:25]} d5 {[%clk
1:31:17]} 3. Nd2 {[%clk 1:31:50]} Nf6 {[%clk 1:31:38]} 4. e5 {[%clk 1:32:17]}
Nfd7 {[%clk 1:32:02]} 5. Bd3 {[%clk 1:32:43]} c5 {[%clk 1:32:23]} 6. c3 {[%clk
1:33:10]} Nc6 {[%clk 1:32:44]} 7. Ne2 {[%clk 1:33:32]} cxd4 {[%clk 1:32:42]} 8.
cxd4 {[%clk 1:33:57]} f6 {[%clk 1:32:38]} 9. exf6 {[%clk 1:34:22]} Qxf6 {[%clk
1:33:07]} 10. Nf3 {[%clk 1:34:35]} h6 {[%clk 1:33:08]} 11. O-O {[%clk 1:30:45]}
Bd6 {[%clk 1:33:32]} 12. Ng3 {[%clk 1:28:18]} O-O {[%clk 1:33:33]} 13. Bb1 {[%clk
1:27:38]} Rd8 {[%clk 1:33:51]} 14. a3 {[%clk 1:24:32]} Nf8 {[%clk 1:33:45]} 15.
Re1 {[%clk 1:20:32]} Bd7 {[%clk 1:34:10]} 16. b4 {[%clk 1:20:20]} a6 {[%clk
1:34:03]} 17. Nh5 {[%clk 1:14:14]} Qf7 {[%clk 1:32:27]} 18. Ne5 {[%clk 1:14:29]}
Nxe5 {[%clk 1:29:07]} 19. dxe5 {[%clk 1:13:55]} Be7 {[%clk 1:29:25]} 20. Qg4
{[%clk 1:12:46]} Kh8 {[%clk 1:28:18]} 21. Re3 {[%clk 1:04:39]} Rac8 {[%clk
1:28:14]} 22. Bd3 {[%clk 1:03:51]} Be8 {[%clk 1:11:36]} 23. Rg3 {[%clk 0:58:44]}
Bh4 {[%clk 1:06:48]} 24. Rf3 {[%clk 0:58:07]} Qe7 {[%clk 0:57:54]} 25. Qxh4
{[%clk 0:56:17]} 1-0

[Event "European Women's Championship"]
[Site "Vysoke Tatry"]
[Date "2018.04.19"]
[Round "11"]
[White "Brunello, Marina"]
[Black "Huda, Maryana"]
[Result "1/2-1/2"]
[Board "54"]
[WhiteElo "2307"]
[WhiteTitle "FM"]
[WhiteCountry "ITA"]
[WhiteFideId "822590"]
[WhiteEloChange "-4"]
[BlackElo "2161"]
[BlackTitle "WGM"]
[BlackCountry "UKR"]
[BlackFideId "14116553"]
[BlackEloChange "4"]

1. e4 {[%clk 1:30:56]} e5 {[%clk 1:30:55]} 2. Nf3 {[%clk 1:31:19]} Nc6 {[%clk
1:31:21]} 3. Bb5 {[%clk 1:31:46]} a6 {[%clk 1:31:47]} 4. Ba4 {[%clk 1:32:13]} Nf6
{[%clk 1:32:13]} 5. d3 {[%clk 1:32:38]} Bc5 {[%clk 1:32:21]} 6. O-O {[%clk
1:30:41]} b5 {[%clk 1:29:43]} 7. Bb3 {[%clk 1:31:07]} O-O {[%clk 1:28:58]} 8. a4
{[%clk 1:29:46]} Bb7 {[%clk 1:27:32]} 9. Bg5 {[%clk 1:27:57]} h6 {[%clk 1:27:35]}
10. Bxf6 {[%clk 1:24:02]} Qxf6 {[%clk 1:28:00]} 11. Nc3 {[%clk 1:24:26]} Na5
{[%clk 1:12:14]} 12. Bd5 {[%clk 1:19:15]} c6 {[%clk 1:03:54]} 13. Ba2 {[%clk
1:19:31]} b4 {[%clk 1:03:45]} 14. Ne2 {[%clk 1:19:15]} d5 {[%clk 0:59:15]} 15.
Ng3 {[%clk 1:10:12]} Rfe8 {[%clk 0:49:48]} 16. c3 {[%clk 1:07:12]} Qd8 {[%clk
0:29:22]} 17. Nxe5 {[%clk 0:44:12]} Rxe5 {[%clk 0:29:02]} 18. d4 {[%clk 0:44:38]}
Re8 {[%clk 0:28:32]} 19. dxc5 {[%clk 0:44:42]} bxc3 {[%clk 0:28:28]} 20. b4
{[%clk 0:37:28]} Nc4 {[%clk 0:28:39]} 21. Bxc4 {[%clk 0:35:38]} dxc4 {[%clk
0:29:05]} 22. Qc2 {[%clk 0:35:58]} Qd2 {[%clk 0:23:55]} 23. Rfc1 {[%clk 0:35:14]}
a5 {[%clk 0:23:03]} 24. Qxc3 {[%clk 0:34:04]} Qxc3 {[%clk 0:22:57]} 25. Rxc3
{[%clk 0:34:29]} Ba6 {[%clk 0:22:03]} 26. bxa5 {[%clk 0:34:18]} Re5 {[%clk
0:20:23]} 27. f4 {[%clk 0:19:24]} Rxc5 {[%clk 0:20:46]} 28. Nf5 {[%clk 0:19:51]}
Rd8 {[%clk 0:13:24]} 29. Rac1 {[%clk 0:18:15]} Rd2 {[%clk 0:10:18]} 30. Rg3
{[%clk 0:17:14]} g6 {[%clk 0:08:02]} 31. Nxh6+ {[%clk 0:16:45]} Kg7 {[%clk
0:07:53]} 32. Ng4 {[%clk 0:13:02]} Rxa5 {[%clk 0:06:22]} 33. e5 {[%clk 0:09:13]}
Rxa4 {[%clk 0:05:18]} 34. Rgc3 {[%clk 0:09:08]} Raa2 {[%clk 0:05:06]} 35. Ne3
{[%clk 0:09:30]} Rf2 {[%clk 0:03:09]} 36. Rf1 {[%clk 0:09:34]} Rfe2 {[%clk
0:02:12]} 37. h4 {[%clk 0:08:07]} Bc8 {[%clk 0:02:26]} 38. Rf3 {[%clk 0:07:15]}
Be6 {[%clk 0:02:25]} 39. Rg3 {[%clk 0:06:41]} Bd5 {[%clk 0:02:11]} 40. h5 {[%clk
0:33:08]} Ra1+ {[%clk 0:31:56]} 41. Kh2 {[%clk 0:33:34]} Ree1 {[%clk 0:32:01]}
42. Rg5 {[%clk 0:32:06]} Rh1+ {[%clk 0:31:29]} 43. Kg3 {[%clk 0:32:32]} Rxh5
{[%clk 0:28:56]} 44. Rxh5 {[%clk 0:29:36]} gxh5 {[%clk 0:28:30]} 45. Nxc4 {[%clk
0:30:02]} Bxc4 {[%clk 0:20:14]} 46. Rxc4 {[%clk 0:30:24]} Ra6 {[%clk 0:19:17]}
47. f5 {[%clk 0:25:42]} Kh6 {[%clk 0:09:58]} 48. Kf4 {[%clk 0:23:42]} Rb6 {[%clk
0:10:17]} 49. e6 {[%clk 0:20:48]} fxe6 {[%clk 0:10:29]} 50. fxe6 {[%clk 0:21:13]}
Kg7 {[%clk 0:08:45]} 51. Ke5 {[%clk 0:21:34]} Kf8 {[%clk 0:08:07]} 52. Kd6 {[%clk
0:16:58]} c5+ {[%clk 0:06:57]} 53. Kd7 {[%clk 0:17:18]} Rb7+ {[%clk 0:07:14]} 54.
Kc6 {[%clk 0:15:47]} Rb2 {[%clk 0:07:26]} 55. Rxc5 {[%clk 0:15:06]} Rxg2 {[%clk
0:07:16]} 1/2-1/2

[Event "European Women's Championship"]
[Site "Vysoke Tatry"]
[Date "2018.04.19"]
[Round "11"]
[White "Martynkova, Olena"]
[Black "Cosman, Andreea-Marioara"]
[Result "1/2-1/2"]
[Board "55"]
[WhiteElo "2280"]
[WhiteTitle "WIM"]
[WhiteCountry "UKR"]
[WhiteFideId "14134039"]
[WhiteEloChange "-4"]
[BlackElo "2141"]
[BlackTitle "WFM"]
[BlackCountry "ROU"]
[BlackFideId "1217968"]
[BlackEloChange "4"]

1. d4 {[%clk 1:30:56]} Nf6 {[%clk 1:30:55]} 2. c4 {[%clk 1:31:15]} c5 {[%clk
1:31:20]} 3. d5 {[%clk 1:31:31]} e6 {[%clk 1:31:44]} 4. Nc3 {[%clk 1:31:38]} exd5
{[%clk 1:32:09]} 5. cxd5 {[%clk 1:31:59]} d6 {[%clk 1:32:35]} 6. Nf3 {[%clk
1:32:03]} g6 {[%clk 1:32:58]} 7. Bf4 {[%clk 1:32:08]} a6 {[%clk 1:33:18]} 8. a4
{[%clk 1:32:18]} Bg7 {[%clk 1:33:43]} 9. h3 {[%clk 1:32:05]} O-O {[%clk 1:34:04]}
10. e3 {[%clk 1:32:11]} Qe7 {[%clk 1:34:22]} 11. Be2 {[%clk 1:29:48]} Nbd7 {[%clk
1:34:43]} 12. Nd2 {[%clk 1:29:46]} Ne5 {[%clk 1:33:16]} 13. Bh2 {[%clk 1:25:32]}
Ne8 {[%clk 1:30:33]} 14. O-O {[%clk 1:23:17]} f5 {[%clk 1:27:57]} 15. Qc2 {[%clk
1:13:08]} Rb8 {[%clk 1:20:37]} 16. Rae1 {[%clk 1:06:57]} Nc7 {[%clk 1:14:28]} 17.
a5 {[%clk 1:02:39]} b5 {[%clk 1:05:07]} 18. axb6 {[%clk 1:00:02]} Rxb6 {[%clk
1:05:25]} 19. f4 {[%clk 0:56:55]} Nf7 {[%clk 1:02:37]} 20. e4 {[%clk 0:46:22]}
fxe4 {[%clk 0:52:44]} 21. Ndxe4 {[%clk 0:40:21]} Bf5 {[%clk 0:50:37]} 22. Bd3
{[%clk 0:38:05]} Qd7 {[%clk 0:46:43]} 23. g4 {[%clk 0:23:27]} Bxe4 {[%clk
0:44:34]} 24. Bxe4 {[%clk 0:21:55]} Rfb8 {[%clk 0:43:57]} 25. Rb1 {[%clk
0:20:24]} Nb5 {[%clk 0:31:46]} 26. Nxb5 {[%clk 0:19:30]} Rxb5 {[%clk 0:31:48]}
27. b3 {[%clk 0:17:45]} Qb7 {[%clk 0:27:40]} 28. f5 {[%clk 0:13:32]} Rxb3 {[%clk
0:13:04]} 29. fxg6 {[%clk 0:11:37]} hxg6 {[%clk 0:13:29]} 30. Bxg6 {[%clk
0:05:04]} Bd4+ {[%clk 0:11:57]} 31. Kh1 {[%clk 0:05:30]} Qxd5+ {[%clk 0:09:52]}
32. Be4 {[%clk 0:05:54]} Rxb1 {[%clk 0:09:38]} 33. Rxb1 {[%clk 0:06:12]} Rxb1+
{[%clk 0:10:02]} 34. Qxb1 {[%clk 0:06:37]} Qe6 {[%clk 0:09:17]} 35. Bf5 {[%clk
0:03:06]} Qd5+ {[%clk 0:09:16]} 36. Be4 {[%clk 0:03:32]} Qe6 {[%clk 0:09:39]} 37.
Bf5 {[%clk 0:02:54]} Qd5+ {[%clk 0:09:52]} 38. Be4 {[%clk 0:03:03]} Qe6 {[%clk
0:10:13]} 1/2-1/2

[Event "European Women's Championship"]
[Site "Vysoke Tatry"]
[Date "2018.04.19"]
[Round "11"]
[White "Ilyuchyk, Yana"]
[Black "Ozbay, Ece"]
[Result "0-1"]
[Board "56"]
[WhiteElo "2098"]
[WhiteCountry "BLR"]
[WhiteFideId "13508407"]
[WhiteEloChange "-7"]
[BlackElo "2216"]
[BlackTitle "WFM"]
[BlackCountry "TUR"]
[BlackFideId "6351743"]
[BlackEloChange "7"]

1. e4 {[%clk 1:30:57]} c5 {[%clk 1:30:50]} 2. Nf3 {[%clk 1:31:22]} e6 {[%clk
1:31:15]} 3. d4 {[%clk 1:31:49]} cxd4 {[%clk 1:31:37]} 4. Nxd4 {[%clk 1:32:14]}
Nc6 {[%clk 1:32:01]} 5. Nc3 {[%clk 1:32:39]} Qc7 {[%clk 1:32:26]} 6. Be3 {[%clk
1:33:01]} a6 {[%clk 1:32:55]} 7. a3 {[%clk 1:33:24]} Nf6 {[%clk 1:33:03]} 8. f4
{[%clk 1:33:43]} Nxd4 {[%clk 1:22:48]} 9. Qxd4 {[%clk 1:34:04]} Ng4 {[%clk
1:22:27]} 10. Qb6 {[%clk 1:34:22]} Bd6 {[%clk 1:21:45]} 11. e5 {[%clk 1:34:25]}
Nxe3 {[%clk 1:21:57]} 12. Qxe3 {[%clk 1:34:49]} Bc5 {[%clk 1:22:01]} 13. Qg3
{[%clk 1:18:21]} Kf8 {[%clk 0:51:21]} 14. Ne4 {[%clk 1:13:08]} d5 {[%clk
0:39:03]} 15. exd6 {[%clk 1:04:24]} Bxd6 {[%clk 0:39:27]} 16. Nxd6 {[%clk
1:04:47]} Qxd6 {[%clk 0:39:52]} 17. Rd1 {[%clk 1:04:57]} Qc7 {[%clk 0:39:21]} 18.
Be2 {[%clk 0:58:23]} Bd7 {[%clk 0:35:51]} 19. Qb3 {[%clk 0:52:35]} Bc6 {[%clk
0:34:33]} 20. O-O {[%clk 0:51:43]} g6 {[%clk 0:31:55]} 21. Qc3 {[%clk 0:44:26]}
Kg8 {[%clk 0:30:43]} 22. Qc5 {[%clk 0:38:17]} Kg7 {[%clk 0:28:16]} 23. Qc3+
{[%clk 0:36:32]} f6 {[%clk 0:23:04]} 24. Bf3 {[%clk 0:33:20]} Rhd8 {[%clk
0:20:59]} 25. Bxc6 {[%clk 0:28:33]} Qxc6 {[%clk 0:21:26]} 26. Qxc6 {[%clk
0:28:53]} bxc6 {[%clk 0:21:55]} 27. Kf2 {[%clk 0:28:22]} Kf7 {[%clk 0:21:42]} 28.
Ke2 {[%clk 0:20:11]} Ke7 {[%clk 0:21:06]} 29. Rxd8 {[%clk 0:18:55]} Rxd8 {[%clk
0:21:33]} 30. Rd1 {[%clk 0:17:21]} Rb8 {[%clk 0:18:54]} 31. b3 {[%clk 0:17:24]}
Rb5 {[%clk 0:16:58]} 32. Rd4 {[%clk 0:15:00]} Ra5 {[%clk 0:12:07]} 33. Rc4 {[%clk
0:10:26]} Kd6 {[%clk 0:11:39]} 34. a4 {[%clk 0:08:15]} g5 {[%clk 0:06:03]} 35. g3
{[%clk 0:06:37]} g4 {[%clk 0:04:27]} 36. Ke3 {[%clk 0:02:35]} Rh5 {[%clk
0:01:23]} 37. Rd4+ {[%clk 0:03:00]} Ke7 {[%clk 0:00:45]} 38. Rd2 {[%clk 0:02:35]}
e5 {[%clk 0:00:34]} 39. c4 {[%clk 0:01:13]} Ke6 {[%clk 0:00:32]} 40. fxe5 {[%clk
0:30:35]} Rxe5+ {[%clk 0:30:41]} 41. Kf2 {[%clk 0:29:44]} Rf5+ {[%clk 0:26:35]}
42. Ke2 {[%clk 0:28:41]} Rf3 {[%clk 0:26:39]} 43. c5 {[%clk 0:20:00]} Rxb3 {[%clk
0:25:13]} 44. Rd6+ {[%clk 0:20:26]} Ke5 {[%clk 0:25:32]} 45. Rxc6 {[%clk
0:20:47]} Rb2+ {[%clk 0:25:38]} 46. Kf1 {[%clk 0:17:02]} Rxh2 {[%clk 0:25:40]}
47. Rxa6 {[%clk 0:17:03]} Rc2 {[%clk 0:25:29]} 48. Ra7 {[%clk 0:12:54]} Ke4
{[%clk 0:24:55]} 49. Rxh7 {[%clk 0:09:04]} Kf3 {[%clk 0:24:41]} 50. Ke1 {[%clk
0:09:31]} Rxc5 {[%clk 0:24:47]} 51. Rb7 {[%clk 0:08:20]} Kxg3 {[%clk 0:24:39]}
52. Rb3+ {[%clk 0:08:45]} Kh2 {[%clk 0:24:35]} 53. Rb2+ {[%clk 0:07:33]} Kh3
{[%clk 0:24:31]} 54. Rb6 {[%clk 0:07:30]} f5 {[%clk 0:24:35]} 55. Kf2 {[%clk
0:06:56]} Rc2+ {[%clk 0:24:32]} 56. Ke3 {[%clk 0:07:19]} Kg3 {[%clk 0:24:05]} 57.
a5 {[%clk 0:07:33]} f4+ {[%clk 0:24:12]} 58. Kd3 {[%clk 0:07:50]} Ra2 {[%clk
0:24:34]} 59. a6 {[%clk 0:08:00]} f3 {[%clk 0:24:52]} 0-1

[Event "European Women's Championship"]
[Site "Vysoke Tatry"]
[Date "2018.04.19"]
[Round "11"]
[White "Motycakova, Monika"]
[Black "Zpevakova, Jana"]
[Result "1/2-1/2"]
[Board "57"]
[WhiteElo "2207"]
[WhiteTitle "WFM"]
[WhiteCountry "SVK"]
[WhiteFideId "14909626"]
[WhiteEloChange "-3"]
[BlackElo "2106"]
[BlackCountry "CZE"]
[BlackFideId "334030"]
[BlackEloChange "3"]

1. e4 {[%clk 1:30:52]} c6 {[%clk 1:30:54]} 2. d4 {[%clk 1:31:14]} d5 {[%clk
1:31:21]} 3. Nc3 {[%clk 1:29:11]} dxe4 {[%clk 1:31:39]} 4. Nxe4 {[%clk 1:29:34]}
Bf5 {[%clk 1:32:01]} 5. Ng3 {[%clk 1:29:57]} Bg6 {[%clk 1:32:22]} 6. h4 {[%clk
1:30:15]} h6 {[%clk 1:32:19]} 7. Nf3 {[%clk 1:30:40]} Nd7 {[%clk 1:31:49]} 8. h5
{[%clk 1:31:00]} Bh7 {[%clk 1:31:48]} 9. Bd3 {[%clk 1:31:21]} Bxd3 {[%clk
1:31:35]} 10. Qxd3 {[%clk 1:31:49]} e6 {[%clk 1:31:28]} 11. Bd2 {[%clk 1:31:54]}
Ngf6 {[%clk 1:31:12]} 12. O-O-O {[%clk 1:30:17]} Be7 {[%clk 1:29:55]} 13. Ne4
{[%clk 1:28:53]} Nxe4 {[%clk 1:29:31]} 14. Qxe4 {[%clk 1:29:17]} Nf6 {[%clk
1:29:48]} 15. Qe2 {[%clk 1:28:52]} Qd5 {[%clk 1:28:24]} 16. Kb1 {[%clk 1:17:19]}
O-O {[%clk 1:20:32]} 17. Ne5 {[%clk 1:10:46]} Qxd4 {[%clk 1:11:45]} 18. Bxh6
{[%clk 1:03:48]} Qe4 {[%clk 1:09:27]} 19. Qxe4 {[%clk 1:03:50]} Nxe4 {[%clk
1:09:50]} 20. Be3 {[%clk 1:03:36]} Rfd8 {[%clk 1:05:13]} 21. g4 {[%clk 0:52:55]}
Rd5 {[%clk 0:54:42]} 22. Rxd5 {[%clk 0:42:43]} cxd5 {[%clk 0:53:34]} 23. f3
{[%clk 0:42:29]} Nd6 {[%clk 0:46:42]} 24. g5 {[%clk 0:35:08]} Nf5 {[%clk
0:41:48]} 25. Bd2 {[%clk 0:32:30]} f6 {[%clk 0:37:53]} 26. Ng6 {[%clk 0:26:31]}
Kf7 {[%clk 0:33:13]} 27. Nxe7 {[%clk 0:20:29]} Kxe7 {[%clk 0:32:04]} 28. f4
{[%clk 0:09:11]} Rh8 {[%clk 0:28:38]} 29. Rh3 {[%clk 0:09:30]} e5 {[%clk
0:26:41]} 30. fxe5 {[%clk 0:06:16]} fxe5 {[%clk 0:27:00]} 31. Kc1 {[%clk
0:05:16]} Ke6 {[%clk 0:26:27]} 32. Kd1 {[%clk 0:05:36]} d4 {[%clk 0:23:16]} 33.
c3 {[%clk 0:04:26]} Kd5 {[%clk 0:21:37]} 34. cxd4 {[%clk 0:04:00]} exd4 {[%clk
0:21:54]} 35. h6 {[%clk 0:03:32]} gxh6 {[%clk 0:21:22]} 36. gxh6 {[%clk 0:03:55]}
Rh7 {[%clk 0:21:08]} 37. Kc2 {[%clk 0:01:50]} Ke4 {[%clk 0:19:52]} 38. Bg5 {[%clk
0:01:18]} b5 {[%clk 0:08:40]} 39. b3 {[%clk 0:01:10]} a6 {[%clk 0:06:17]} 40. Kd2
{[%clk 0:31:04]} a5 {[%clk 0:34:50]} 41. Rh1 {[%clk 0:20:18]} a4 {[%clk 0:33:30]}
42. Re1+ {[%clk 0:18:25]} Kd5 {[%clk 0:32:45]} 43. Bf4 {[%clk 0:17:52]} Ne3
{[%clk 0:29:51]} 44. Kd3 {[%clk 0:14:44]} Ng4 {[%clk 0:26:31]} 45. Re8 {[%clk
0:10:32]} axb3 {[%clk 0:22:26]} 46. axb3 {[%clk 0:09:27]} Kc5 {[%clk 0:20:03]}
47. Bd2 {[%clk 0:09:21]} Rd7 {[%clk 0:15:30]} 48. Rg8 {[%clk 0:05:03]} Nf2+
{[%clk 0:12:25]} 49. Ke2 {[%clk 0:05:19]} Ne4 {[%clk 0:12:03]} 50. Rg7 {[%clk
0:04:54]} Rd5 {[%clk 0:11:14]} 51. Rc7+ {[%clk 0:02:10]} Kb6 {[%clk 0:10:24]} 52.
h7 {[%clk 0:02:37]} Rh5 {[%clk 0:10:25]} 53. Bf4 {[%clk 0:02:30]} Nc3+ {[%clk
0:09:09]} 54. Kd3 {[%clk 0:02:29]} Nd5 {[%clk 0:08:09]} 55. Rf7 {[%clk 0:02:42]}
Nxf4+ {[%clk 0:08:10]} 56. Rxf4 {[%clk 0:03:10]} Rxh7 {[%clk 0:08:35]} 57. Kxd4
{[%clk 0:03:02]} 1/2-1/2